Robert De Niro Movies by Picture - Statistics

General Stats
  • This quiz has been taken 869 times
  • The average score is 10 of 16
Answer Stats
Picture Answer % Correct
Taxi Driver
93%
Goodfellas
91%
The Godfather: Part II
83%
Raging Bull
82%
Casino
77%
Meet the Parents
77%
Joker
76%
The Irishman
73%
Heat
67%
The Deer Hunter
60%
Cape Fear
57%
The Intern
50%
Killers of the Flower Moon
44%
The Untouchables
41%
Awakenings
34%
Dirty Grandpa
29%
No matching quizzes found
Score Distribution
Percent of People with Each Score
Percentile by Number Answered
Your Score History
You have not taken this quiz